000
00220nam a2200097Ia 4500
005
20251222114416.0
008
251222s1900||||xx |||||||||||||| ||spa||
082
_a
DVD0010/S67/2004/BR
245
0
_a
Van Helsing:
942
_c
DVD
999
_c
2232
_d
2232